02183 a2200229 45000010006000000050017000060080041000230030015000640400040000790800038001192450061001572640039002183000019002575051264002769420007015405900036015471000019015839990015016029520112016179520112017299520112018415717120260407155834.0260407a1959 arg spa dAR-UNSa-BCEJYS aAR-UNSa-BCEJYSbspacAR-UNSa-BCEJYS a911.3:33xGeografía económica10aGeografía general del comercio y de las comunicaciones 1aBarcelona :bEdiciones Omegac1959 a455 p.c25 cm. aPrimera parte. Fundamento geográfico del comercio y de las comunicaciones mundiales y teoría de su dinamismo: 1. Evolución histórica, fundamento teórico y métodos de trabajo – 2. El factor humano en la dinámica del comercio y las comunicaciones de la tierra – 3. Modalidades de las comunicaciones en lo que concierne al desplazamiento de personas – 4. La necesidad humana de bienes promotora de las comunicaciones de carácter económico – Segunda parte. Los elementos constitutivos del espacio comercial y de las comunicaciones del mundo en cuanto dependen de las condiciones geográficas y económicas: 1. Las vías de comunicación en el espacio geográfico – 2. El mercado como lugar de comercio y de comunicaciones – 3. Mercancías e informaciones a través del mundo – Tercera parte. Los espacios económicos de la tierra en su estructura geográfica de comercio y comunicaciones y en sus conexiones: 1. Los espacios naturales de la tierra como objeto de estudio de la geografía del comercio y de las comunicaciones – 2. Los estados de la tierra en su estructura comercial y de comunicaciones – 3. La división del espacio comercial y de comunicaciones de la tierra según el aprovechamiento de las mismas  cBK aniveau_biblio:m niveau_hierar:01 aOtremba, Erich c6163d6163 00104070aBCEJYSbBCEJYSc16d2026-04-07l0o911.3:33 O87 v.4pL20384r2026-04-07 15:58:34w2026-04-07yL 00104070aBCEJYSbBCEJYSc16d2026-04-07l0o911.3:33 O87 v.4pL21574r2026-04-07 15:58:34w2026-04-07yL 00104070aBCEJYSbBCEJYSc16d2026-04-07l0o911.3:33 O87 v.4pL21575r2026-04-07 15:58:34w2026-04-07yL